00281nam a2200121Ia 4500008004100000100002600041245002500067260002500092300000800117650001000125942000700135999001700142190216s9999||||xx |||||||||||||| ||und|| aAntony De Samit Upeay 0aHindi-Chota Ramkumar bPragathi Prakashan a120 aHindi cBK c16266d16266